000 00460nam a2200145Ia 4500
008 100204s9999 xx 000 0 und d
082 _b5364
100 _aटिळक ज. श्री.
245 _aअशी ही दिल्ली
260 _b"केसरी प्रकाशन, पुणे"
_c1981
300 _a503
630 _aअशी ही दिल्ली
730 _aअशी ही दिल्ली
942 _cBOOK
999 _c449962
_d449959